[Event "Clarin GP op"]
[Site "Villa Martelli"]
[Date "1997.??.??"]
[Round "2"]
[White "Rodriguez Vila, Andres"]
[Black "Maurino, Lucio"]
[Result "1-0"]
[WhiteElo "2495"]
[BlackElo "2275"]
[PlyCount "66"]
[EventDate "1997.??.??"]
[EventType "swiss"]
[EventRounds "9"]
[EventCountry "ARG"]
[SourceTitle "EXT 1999"]
[Source "ChessBase"]
[SourceDate "1998.11.16"]
[SourceVersion "1"]
[SourceVersionDate "1998.11.16"]
[SourceQuality "1"]

1. e4 c5 2. Nf3 Nc6 3. d4 cxd4 4. Nxd4 e5 5. Nb5 d6 6. a4 Nf6 7. N1c3 a6 8. Na3
Be6 9. Bg5 Be7 10. Nc4 Nd4 11. a5 O-O 12. Nb6 Rb8 13. Bxf6 Bxf6 14. Ncd5 Bxd5
15. Nxd5 Bg5 16. Bc4 Kh8 17. O-O Nc6 18. b4 Ne7 19. Nb6 f5 20. exf5 Nxf5 21.
Qd3 Qe7 22. Rae1 Rbe8 23. f4 e4 24. Qh3 Bf6 25. Kh1 g6 26. Bd3 e3 27. g4 Nd4
28. Nd5 Qf7 29. Nxe3 Nc6 30. Rb1 Bc3 31. b5 Nxa5 32. Ng2 Nc4 33. Qh6 Qg7 1-0

[Event "Clarin GP op"]
[Site "Villa Martelli"]
[Date "1997.??.??"]
[Round "3"]
[White "Pierrot, Juan Facundo"]
[Black "Rodriguez Vila, Andres"]
[Result "1/2-1/2"]
[WhiteElo "2440"]
[BlackElo "2495"]
[PlyCount "53"]
[EventDate "1997.??.??"]
[EventType "swiss"]
[EventRounds "9"]
[EventCountry "ARG"]
[SourceTitle "EXT 1999"]
[Source "ChessBase"]
[SourceDate "1998.11.16"]
[SourceVersion "1"]
[SourceVersionDate "1998.11.16"]
[SourceQuality "1"]

1. e4 c5 2. Nf3 d6 3. d4 cxd4 4. Nxd4 Nf6 5. Nc3 Nc6 6. Be2 g6 7. O-O Bg7 8.
Be3 O-O 9. Nb3 a5 10. a4 Be6 11. Nd4 Qc8 12. Nxe6 Qxe6 13. f3 d5 14. Nxd5 Nxd5
15. Qxd5 Qxd5 16. exd5 Nb4 17. Rab1 Nxc2 18. Bf2 Rfc8 19. Rfd1 Nb4 20. Rd2 Bh6
21. Rd4 Rc2 22. Bd1 Rc1 23. Rxc1 Bxc1 24. Bb3 Bxb2 25. Re4 Bf6 26. Bc5 Rc8 27.
Bxb4 1/2-1/2

[Event "Clarin GP op"]
[Site "Villa Martelli"]
[Date "1997.??.??"]
[Round "4"]
[White "Rodriguez Vila, Andres"]
[Black "Gamboa, Juan Pablo"]
[Result "1-0"]
[WhiteElo "2495"]
[BlackElo "2255"]
[PlyCount "89"]
[EventDate "1997.??.??"]
[EventType "swiss"]
[EventRounds "9"]
[EventCountry "ARG"]
[SourceTitle "EXT 1999"]
[Source "ChessBase"]
[SourceDate "1998.11.16"]
[SourceVersion "1"]
[SourceVersionDate "1998.11.16"]
[SourceQuality "1"]

1. e4 e6 2. d3 d5 3. Nd2 Nf6 4. Ngf3 Nc6 5. c3 a5 6. e5 Nd7 7. d4 f6 8. exf6
Qxf6 9. Bb5 Bd6 10. Nf1 O-O 11. Ne3 Ne7 12. O-O Ng6 13. Bd3 Nh4 14. Nxh4 Qxh4
15. g3 Qe7 16. Re1 Nf6 17. Nf5 Qf7 18. Nxd6 cxd6 19. Bf4 Qc7 20. Rc1 Qb6 21.
Qb3 Qxb3 22. axb3 Rd8 23. Ra1 b6 24. b4 Kf7 25. bxa5 bxa5 26. Ra3 Ba6 27. Bc2
Bb5 28. Rea1 a4 29. Bxa4 Bxa4 30. Rxa4 Rab8 31. Ra7+ Kg6 32. R1a2 Nh5 33. Bd2
e5 34. Re7 Re8 35. Rxe8 Rxe8 36. Be3 Rb8 37. Ra6 exd4 38. Rxd6+ Nf6 39. Bxd4
Rxb2 40. Bxf6 gxf6 41. Rxd5 Rc2 42. Rc5 Kh6 43. Kg2 Kg6 44. Kf3 Kh6 45. h4 1-0

[Event "Clarin GP op"]
[Site "Villa Martelli"]
[Date "1997.??.??"]
[Round "5"]
[White "Rosito, Jorge"]
[Black "Rodriguez Vila, Andres"]
[Result "1/2-1/2"]
[WhiteElo "2400"]
[BlackElo "2495"]
[PlyCount "36"]
[EventDate "1997.??.??"]
[EventType "swiss"]
[EventRounds "9"]
[EventCountry "ARG"]
[SourceTitle "EXT 1999"]
[Source "ChessBase"]
[SourceDate "1998.11.16"]
[SourceVersion "1"]
[SourceVersionDate "1998.11.16"]
[SourceQuality "1"]

1. e4 e6 2. d4 d5 3. Nd2 c5 4. exd5 Qxd5 5. Ngf3 cxd4 6. Bc4 Qd6 7. O-O Nf6 8.
Nb3 Nc6 9. Nbxd4 Nxd4 10. Nxd4 a6 11. Re1 Qc7 12. Bb3 Bd6 13. h3 Bd7 14. Bg5 b5
15. Qf3 O-O-O 16. Rad1 Qc5 17. Be3 Qe5 18. g3 Qe4 1/2-1/2

[Event "Clarin GP op"]
[Site "Villa Martelli"]
[Date "1997.??.??"]
[Round "6"]
[White "Rodriguez Vila, Andres"]
[Black "Giaccio, Alfredo Gustavo"]
[Result "1-0"]
[WhiteElo "2495"]
[BlackElo "2450"]
[PlyCount "58"]
[EventDate "1997.??.??"]
[EventType "swiss"]
[EventRounds "9"]
[EventCountry "ARG"]
[SourceTitle "EXT 1999"]
[Source "ChessBase"]
[SourceDate "1998.11.16"]
[SourceVersion "1"]
[SourceVersionDate "1998.11.16"]
[SourceQuality "1"]

1. e4 e6 2. d4 d5 3. Nd2 c5 4. exd5 exd5 5. Bb5+ Nc6 6. Ngf3 Bd6 7. dxc5 Bxc5
8. O-O Nge7 9. Nb3 Bb6 10. Be3 Bxe3 11. fxe3 O-O 12. Qd2 Bf5 13. Bxc6 bxc6 14.
Nfd4 Bg6 15. Qc3 Qd6 16. Qc5 Qe5 17. Rae1 Be4 18. Na5 Rac8 19. Nc4 Qg5 20. Rf2
Rb8 21. b4 h6 22. Na5 Rbc8 23. Naxc6 Nxc6 24. Nxc6 Kh7 25. b5 f5 26. Qxa7 Ra8
27. Qc5 Rf6 28. b6 Rg6 29. b7 Bxg2 1-0

[Event "Clarin GP op"]
[Site "Villa Martelli"]
[Date "1997.??.??"]
[Round "9"]
[White "Slipak, Sergio"]
[Black "Rodriguez Vila, Andres"]
[Result "1/2-1/2"]
[WhiteElo "2515"]
[BlackElo "2495"]
[PlyCount "28"]
[EventDate "1997.??.??"]
[EventType "swiss"]
[EventRounds "9"]
[EventCountry "ARG"]
[SourceTitle "EXT 1999"]
[Source "ChessBase"]
[SourceDate "1998.11.16"]
[SourceVersion "1"]
[SourceVersionDate "1998.11.16"]
[SourceQuality "1"]

1. Nf3 Nf6 2. g3 g6 3. b3 Bg7 4. Bb2 O-O 5. Bg2 c5 6. c4 Nc6 7. O-O b6 8. Nc3
Bb7 9. d4 cxd4 10. Nxd4 Qc8 11. Nxc6 Bxc6 12. Qd2 Bxg2 13. Kxg2 Qb7+ 14. f3 d6
1/2-1/2

[Event "Linares-B"]
[Site "Linares"]
[Date "1997.??.??"]
[Round "1"]
[White "Baches Garcia, Guillermo"]
[Black "Rodriguez Vila, Andres"]
[Result "1/2-1/2"]
[WhiteElo "2235"]
[BlackElo "2350"]
[PlyCount "47"]
[EventDate "1997.??.??"]
[EventType "tourn"]
[EventRounds "9"]
[EventCountry "ESP"]
[SourceTitle "EXT 2000"]
[Source "ChessBase"]
[SourceDate "1999.11.16"]
[SourceVersion "1"]
[SourceVersionDate "1999.11.16"]
[SourceQuality "1"]

1. e4 d5 2. exd5 Qxd5 3. Nc3 Qa5 4. g3 Nf6 5. Bg2 c6 6. Nge2 Bg4 7. h3 Bh5 8.
b4 Qc7 9. O-O e6 10. Rb1 Be7 11. d3 Nbd7 12. b5 O-O 13. a4 Rac8 14. Bd2 Nd5 15.
Qe1 Bxe2 16. Nxe2 Nc5 17. d4 Nd7 18. c4 N5b6 19. bxc6 bxc6 20. c5 Nc4 21. Bb4
a5 22. Qc3 axb4 23. Qxc4 e5 24. Qxb4 1/2-1/2

[Event "Linares-B"]
[Site "Linares"]
[Date "1997.??.??"]
[Round "2"]
[White "Teran Alvarez, Ismael"]
[Black "Rodriguez Vila, Andres"]
[Result "1/2-1/2"]
[WhiteElo "2350"]
[BlackElo "2350"]
[PlyCount "96"]
[EventDate "1997.??.??"]
[EventType "tourn"]
[EventRounds "9"]
[EventCountry "ESP"]
[SourceTitle "EXT 2000"]
[Source "ChessBase"]
[SourceDate "1999.11.16"]
[SourceVersion "1"]
[SourceVersionDate "1999.11.16"]
[SourceQuality "1"]

1. e4 e6 2. d3 d5 3. Nd2 Nf6 4. Ngf3 Bc5 5. d4 dxe4 6. dxc5 exf3 7. Qxf3 Nc6 8.
Ne4 Nxe4 9. Qxe4 O-O 10. Be3 f5 11. Qc4 Kh8 12. Bd3 e5 13. O-O-O Qf6 14. f3 a5
15. a3 Ne7 16. f4 e4 17. Be2 Be6 18. Qd4 Qf7 19. Rd2 Nc6 20. Qc3 Nb4 21. Kb1
Nd5 22. Qd4 Rad8 23. Rhd1 Rd7 24. c6 bxc6 25. Qc5 Rd6 26. g3 Nxe3 27. Qxe3 Rxd2
28. Rxd2 Ba2+ 29. Kc1 Bc4 30. Bxc4 Qxc4 31. b3 Qe6 32. a4 h6 33. Qc5 Re8 34.
Qxa5 e3 35. Re2 Qf6 36. Kb1 Qd4 37. Ka2 c5 38. Qb5 Rd8 39. Qc4 Qd2 40. Kb2 Kh7
41. a5 Qxa5 42. Rxe3 Rd1 43. Qa4 Qd2 44. Rd3 Qc1+ 45. Kc3 Re1 46. Qd7 Qa1+ 47.
Kd2 Qc1+ 48. Kc3 Qa1+ 1/2-1/2

[Event "Linares-B"]
[Site "Linares"]
[Date "1997.??.??"]
[Round "3"]
[White "Rodriguez Vila, Andres"]
[Black "Paz Ladron de Guevara, Daniel"]
[Result "1/2-1/2"]
[WhiteElo "2350"]
[BlackElo "2225"]
[PlyCount "50"]
[EventDate "1997.??.??"]
[EventType "tourn"]
[EventRounds "9"]
[EventCountry "ESP"]
[SourceTitle "EXT 2000"]
[Source "ChessBase"]
[SourceDate "1999.11.16"]
[SourceVersion "1"]
[SourceVersionDate "1999.11.16"]
[SourceQuality "1"]

1. e4 e6 2. d4 d5 3. Nd2 c5 4. Ngf3 Nc6 5. exd5 exd5 6. Bb5 Bd6 7. dxc5 Bxc5 8.
O-O Nge7 9. Nb3 Bd6 10. Bg5 O-O 11. Bh4 Bg4 12. Bg3 Ne5 13. Be2 Nc4 14. Bxd6
Qxd6 15. Bxc4 Bxf3 16. Be2 Bxe2 17. Qxe2 Rfe8 18. Rad1 Rad8 19. Rd2 Qf6 20. c3
Ng6 21. Qb5 Nf4 22. Qxb7 Qg6 23. f3 Re2 24. Rxe2 Nxe2+ 25. Kh1 Ng3+ 1/2-1/2

[Event "Linares-B"]
[Site "Linares"]
[Date "1997.??.??"]
[Round "4"]
[White "Ortega Ruiz, Jose Miguel"]
[Black "Rodriguez Vila, Andres"]
[Result "0-1"]
[WhiteElo "2120"]
[BlackElo "2350"]
[PlyCount "88"]
[EventDate "1997.??.??"]
[EventType "tourn"]
[EventRounds "9"]
[EventCountry "ESP"]
[SourceTitle "EXT 2000"]
[Source "ChessBase"]
[SourceDate "1999.11.16"]
[SourceVersion "1"]
[SourceVersionDate "1999.11.16"]
[SourceQuality "1"]

1. d4 f5 2. c4 Nf6 3. g3 g6 4. Bg2 Bg7 5. Nc3 O-O 6. Nf3 d6 7. O-O c6 8. Qc2
Na6 9. a3 Kh8 10. b3 Qe8 11. e4 fxe4 12. Nxe4 Bf5 13. Nxf6 Bxc2 14. Nxe8 Raxe8
15. Be3 c5 16. b4 Be4 17. Ng5 Bxg2 18. Kxg2 cxd4 19. Bd2 Nc7 20. Rae1 e5 21. f4
Kg8 22. Ne4 Rd8 23. fxe5 dxe5 24. Bg5 Rxf1 25. Rxf1 Rb8 26. Bf6 Ne8 27. Be7 Rc8
28. c5 Nc7 29. Nd6 Rb8 30. Bg5 Nd5 31. Rf7 h6 32. Bc1 b6 33. c6 Bf8 34. Rd7 Nf6
35. Rf7 Ne8 36. c7 Nxc7 37. Rxc7 Bxd6 38. Rd7 Bf8 39. Kf3 Rc8 40. Bd2 Rc2 41.
Ke2 Ra2 42. Rd8 Kf7 43. b5 Bxa3 44. Kd3 e4+ 0-1

[Event "Linares-B"]
[Site "Linares"]
[Date "1997.??.??"]
[Round "5"]
[White "Rodriguez Vila, Andres"]
[Black "Llopis de Aysa, Manuel"]
[Result "1/2-1/2"]
[WhiteElo "2350"]
[BlackElo "2240"]
[PlyCount "66"]
[EventDate "1997.??.??"]
[EventType "tourn"]
[EventRounds "9"]
[EventCountry "ESP"]
[SourceTitle "EXT 2000"]
[Source "ChessBase"]
[SourceDate "1999.11.16"]
[SourceVersion "1"]
[SourceVersionDate "1999.11.16"]
[SourceQuality "1"]

1. e4 e6 2. d4 d5 3. Nd2 c5 4. Ngf3 cxd4 5. exd5 Qxd5 6. Bc4 Qd6 7. O-O a6 8.
Ne4 Qc7 9. Qxd4 Nc6 10. Qc3 Nge7 11. Bg5 Nf5 12. Rad1 h6 13. Bc1 Bb4 14. Qd3
O-O 15. c3 Be7 16. Ng3 Nxg3 17. hxg3 Na5 18. Bb3 Nxb3 19. axb3 Rd8 20. Qe4 Bd7
21. Qg4 e5 22. Qh5 Bf6 23. Rde1 Re8 24. Be3 Qc8 25. Nd2 Bg4 26. Qh2 Bf5 27. Ra1
Qe6 28. Rfe1 Rad8 29. b4 Rd3 30. Qh5 Bg4 31. Qh2 Bf5 32. Qh5 Bg4 33. Qh2 Bf5
1/2-1/2

[Event "Linares-B"]
[Site "Linares"]
[Date "1997.??.??"]
[Round "6"]
[White "Moreno Carnero, Javier"]
[Black "Rodriguez Vila, Andres"]
[Result "0-1"]
[WhiteElo "2370"]
[BlackElo "2350"]
[PlyCount "64"]
[EventDate "1997.??.??"]
[EventType "tourn"]
[EventRounds "9"]
[EventCountry "ESP"]
[SourceTitle "EXT 2000"]
[Source "ChessBase"]
[SourceDate "1999.11.16"]
[SourceVersion "1"]
[SourceVersionDate "1999.11.16"]
[SourceQuality "1"]

1. e4 d5 2. exd5 Qxd5 3. Nc3 Qa5 4. Nf3 Nf6 5. h3 e5 6. Bc4 Bd6 7. O-O O-O 8.
d3 c6 9. Bg5 Nbd7 10. Ne4 Nxe4 11. dxe4 Qc7 12. Nh4 Nc5 13. Qf3 b5 14. Bb3 a5
15. c3 Nxb3 16. axb3 f6 17. Bd2 Be6 18. b4 axb4 19. cxb4 Rfd8 20. Nf5 Bf8 21.
Bc3 c5 22. bxc5 Qxc5 23. g4 b4 24. Rxa8 Rxa8 25. Bd2 Qc2 26. Be3 Qxb2 27. g5
fxg5 28. Bxg5 b3 29. Kh2 Qa3 30. Rg1 b2 31. Nh6+ Kh8 32. Be3 Qa1 0-1

[Event "Linares-B"]
[Site "Linares"]
[Date "1997.??.??"]
[Round "7"]
[White "Rodriguez Vila, Andres"]
[Black "Glavina, Pablo"]
[Result "1-0"]
[WhiteElo "2350"]
[BlackElo "2380"]
[PlyCount "91"]
[EventDate "1997.??.??"]
[EventType "tourn"]
[EventRounds "9"]
[EventCountry "ESP"]
[SourceTitle "EXT 2000"]
[Source "ChessBase"]
[SourceDate "1999.11.16"]
[SourceVersion "1"]
[SourceVersionDate "1999.11.16"]
[SourceQuality "1"]

1. e4 c5 2. Nf3 Nc6 3. d4 cxd4 4. Nxd4 Nf6 5. Nc3 e5 6. Ndb5 d6 7. Bg5 a6 8.
Na3 b5 9. Bxf6 gxf6 10. Nd5 f5 11. c3 Bg7 12. exf5 Bxf5 13. Nc2 O-O 14. Nce3
Be6 15. g4 e4 16. Bg2 b4 17. Bxe4 bxc3 18. bxc3 Ne7 19. Rc1 Nxd5 20. Nxd5 Qh4
21. Ne3 Rae8 22. O-O Bxg4 23. Bxh7+ Qxh7 24. Qxg4 f5 25. Qc4+ Kh8 26. Ng2 Re4
27. Qd3 Rg8 28. f4 Bh6 29. Qxd6 Bf8 30. Qf6+ Bg7 31. Qxa6 Qh3 32. Rc2 Kh7 33.
Kh1 Rge8 34. Rg1 R8e6 35. Qb7 Rg6 36. c4 Rg3 37. Qf7 Kh6 38. Rd2 Rg6 39. c5 Bd4
40. Qf8+ Kh7 41. Rb1 Bg7 42. Qf7 Rh6 43. Nh4 Rxh4 44. Rg2 Qxg2+ 45. Kxg2 Re2+
46. Kf3 1-0

[Event "Linares-B"]
[Site "Linares"]
[Date "1997.??.??"]
[Round "8"]
[White "Santos, Carlos Pereira Dos"]
[Black "Rodriguez Vila, Andres"]
[Result "1/2-1/2"]
[WhiteElo "2340"]
[BlackElo "2350"]
[PlyCount "80"]
[EventDate "1997.??.??"]
[EventType "tourn"]
[EventRounds "9"]
[EventCountry "ESP"]
[SourceTitle "EXT 2000"]
[Source "ChessBase"]
[SourceDate "1999.11.16"]
[SourceVersion "1"]
[SourceVersionDate "1999.11.16"]
[SourceQuality "1"]

1. d4 e6 2. c4 Nf6 3. Nc3 Bb4 4. a3 Bxc3+ 5. bxc3 b6 6. f3 O-O 7. e4 d6 8. Be3
c5 9. Bd3 Nc6 10. Ne2 e5 11. O-O Ba6 12. d5 Na5 13. Ng3 Bxc4 14. Nf5 Nh5 15. g3
g6 16. Nh6+ Kh8 17. Qe2 b5 18. f4 exf4 19. Bxf4 Nxf4 20. Rxf4 f6 21. Raf1 Qe7
22. Ng4 f5 23. Ne3 fxe4 24. Nxc4 bxc4 25. Bxe4 Rxf4 26. Rxf4 Rf8 27. Rxf8+ Qxf8
28. Qg4 Nb3 29. Bg2 Qe7 30. h4 Nd2 31. Qf4 Nb3 32. Qxc4 Nc1 33. Bf1 Qe3+ 34.
Kg2 Qd2+ 35. Kh3 Qf2 36. Qb5 Kg7 37. Qd7+ Kh6 38. Bc4 Qf3 39. Qxd6 Qf5+ 40. g4
Qf3+ 1/2-1/2

[Event "Linares-B"]
[Site "Linares"]
[Date "1997.??.??"]
[Round "9"]
[White "Rodriguez Vila, Andres"]
[Black "Reyes Larena, Juan"]
[Result "1/2-1/2"]
[WhiteElo "2350"]
[BlackElo "2405"]
[PlyCount "92"]
[EventDate "1997.??.??"]
[EventType "tourn"]
[EventRounds "9"]
[EventCountry "ESP"]
[SourceTitle "EXT 2000"]
[Source "ChessBase"]
[SourceDate "1999.11.16"]
[SourceVersion "1"]
[SourceVersionDate "1999.11.16"]
[SourceQuality "1"]

1. e4 e5 2. Nf3 Nc6 3. Bc4 Be7 4. c3 Nf6 5. d3 O-O 6. O-O d6 7. Bb3 Nd7 8. d4
Bf6 9. Be3 Nb6 10. h3 Re8 11. Nbd2 Na5 12. d5 Nxb3 13. Qxb3 h6 14. c4 Nd7 15.
Qc3 a5 16. b3 c5 17. a3 Nf8 18. b4 b6 19. bxa5 bxa5 20. Rab1 Ng6 21. Qb3 a4 22.
Qb6 Ba6 23. Qc6 Re7 24. Qxa4 Rea7 25. Qb3 Bc8 26. Ra1 Qa5 27. Rfb1 Rb7 28. Qc2
Rab8 29. Rxb7 Rxb7 30. Nb1 Nf4 31. Kh2 Qa6 32. Nfd2 Ne2 33. Qd1 Nd4 34. Nc3 Qa5
35. Bxd4 exd4 36. Nb5 Bd7 37. a4 Rb6 38. Ra2 Bxb5 39. cxb5 Rxb5 40. Nc4 Qa6 41.
axb5 Qxa2 42. Qd3 Qxf2 43. b6 Bg5 44. Qb1 Bf4+ 45. Kh1 Qg3 46. Qg1 Qb3 1/2-1/2

[Event "Madrid"]
[Site "Madrid"]
[Date "1997.??.??"]
[Round "2"]
[White "Rodriguez Vila, Andres"]
[Black "Borges Matos, Juan R"]
[Result "1/2-1/2"]
[WhiteElo "2545"]
[BlackElo "2480"]
[PlyCount "80"]
[EventDate "1997.??.??"]
[EventType "tourn"]
[EventRounds "9"]
[EventCountry "ESP"]
[EventCategory "8"]
[SourceTitle "EXT 2004"]
[Source "ChessBase"]
[SourceDate "2003.11.25"]
[SourceVersion "1"]
[SourceVersionDate "2003.11.25"]
[SourceQuality "1"]

1. e4 e6 2. d4 d5 3. Nc3 Nf6 4. Bg5 Be7 5. e5 Nfd7 6. Bxe7 Qxe7 7. f4 a6 8. Qd2
c5 9. dxc5 Nc6 10. Nf3 Nxc5 11. Bd3 b5 12. O-O g6 13. Ne2 Bb7 14. Ned4 Ne4 15.
Qe3 O-O 16. Nxc6 Bxc6 17. Nd4 Rac8 18. c3 Bb7 19. a3 Rc7 20. Rf3 f5 21. exf6
Rxf6 22. Rff1 Qf8 23. g3 Rg7 24. Nf3 Nd6 25. Ne5 Nf5 26. Qf2 Qd6 27. Rae1 Rf8
28. Nf3 Bc8 29. Re5 Ne7 30. h4 h6 31. Nd4 Qxe5 32. fxe5 Rxf2 33. Rxf2 g5 34. h5
Rf7 35. Rxf7 Kxf7 36. Kf2 Ke8 37. Ke3 Kd7 38. Be2 Nc6 39. Bg4 Nxd4 40. Kxd4 Kc6
1/2-1/2

[Event "Madrid"]
[Site "Madrid"]
[Date "1997.??.??"]
[Round "3"]
[White "Adla, Diego Gustavo"]
[Black "Rodriguez Vila, Andres"]
[Result "1/2-1/2"]
[WhiteElo "2445"]
[BlackElo "2545"]
[PlyCount "134"]
[EventDate "1997.??.??"]
[EventType "tourn"]
[EventRounds "9"]
[EventCountry "ESP"]
[EventCategory "8"]
[SourceTitle "EXT 2004"]
[Source "ChessBase"]
[SourceDate "2003.11.25"]
[SourceVersion "1"]
[SourceVersionDate "2003.11.25"]
[SourceQuality "1"]

1. d4 Nf6 2. c4 e6 3. Nf3 b6 4. a3 c5 5. e3 g6 6. Nc3 Bg7 7. d5 exd5 8. cxd5
O-O 9. Bd3 d6 10. h3 Ba6 11. O-O Re8 12. e4 c4 13. Bc2 Nbd7 14. Be3 Nc5 15.
Bxc5 bxc5 16. Ba4 Re7 17. Bc6 Rb8 18. Qa4 Rb6 19. Rfe1 Nd7 20. Qa5 Qc7 21. Bxd7
Qxd7 22. Rad1 f6 23. Nd2 Qc8 24. Qa4 Rxb2 25. Nxc4 Bxc4 26. Qxc4 f5 27. f4 fxe4
28. Rxe4 Rxe4 29. Nxe4 Qf8 30. Ng5 Bd4+ 31. Rxd4 cxd4 32. Ne6 Qb8 33. Kh2 Rd2
34. Qa4 Rb2 35. Qxd4 Rb7 36. Qc3 Rf7 37. Qc6 h6 38. a4 Kh7 39. h4 Qb7 40. Qxd6
Qe7 41. Qxe7 Rxe7 42. Kg3 Kg8 43. Kf3 Kf7 44. g4 Re8 45. Ke4 Rb8 46. Ke5 Rb1
47. Nd8+ Ke8 48. Nc6 Re1+ 49. Kf6 Re4 50. f5 gxf5 51. Kxf5 Rxa4 52. g5 hxg5 53.
hxg5 Kd7 54. g6 Ra1 55. Ne5+ Ke7 56. Nf3 Rf1 57. Ke4 Kf6 58. d6 Rd1 59. Nd4 Rg1
60. Kd5 Rxg6 61. d7 Ke7 62. Nc6+ Rxc6 63. Kxc6 Kd8 64. Kd6 a5 65. Kc5 a4 66.
Kb4 a3 67. Kxa3 Kxd7 1/2-1/2

[Event "Madrid"]
[Site "Madrid"]
[Date "1997.??.??"]
[Round "5"]
[White "Kolev, Atanas"]
[Black "Rodriguez Vila, Andres"]
[Result "1/2-1/2"]
[WhiteElo "2530"]
[BlackElo "2545"]
[PlyCount "61"]
[EventDate "1997.??.??"]
[EventType "tourn"]
[EventRounds "9"]
[EventCountry "ESP"]
[EventCategory "8"]
[SourceTitle "EXT 2004"]
[Source "ChessBase"]
[SourceDate "2003.11.25"]
[SourceVersion "1"]
[SourceVersionDate "2003.11.25"]
[SourceQuality "1"]

1. d4 Nf6 2. c4 e6 3. Nf3 b6 4. g3 Ba6 5. b3 Bb7 6. Bg2 Bb4+ 7. Bd2 Be7 8. Nc3
Na6 9. O-O O-O 10. Ne5 Bxg2 11. Kxg2 Qb8 12. Nf3 Qb7 13. Bg5 c6 14. e4 d5 15.
Bxf6 Bxf6 16. Rc1 Rfd8 17. Qe2 dxe4 18. Qxe4 Rd7 19. Rfd1 Rad8 20. a3 Nc7 21.
Ne5 Bxe5 22. dxe5 Ne8 23. b4 Rxd1 24. Rxd1 Rxd1 25. Nxd1 Qd7 26. Nc3 f5 27.
exf6 Nxf6 28. Qe5 Kf7 29. Ne4 Nxe4 30. Qxe4 h6 31. h4 1/2-1/2

[Event "Madrid"]
[Site "Madrid"]
[Date "1997.??.??"]
[Round "6"]
[White "Rodriguez Vila, Andres"]
[Black "Herrera, Irisberto"]
[Result "1-0"]
[WhiteElo "2545"]
[BlackElo "2430"]
[PlyCount "113"]
[EventDate "1997.??.??"]
[EventType "tourn"]
[EventRounds "9"]
[EventCountry "ESP"]
[EventCategory "8"]
[SourceTitle "EXT 2004"]
[Source "ChessBase"]
[SourceDate "2003.11.25"]
[SourceVersion "1"]
[SourceVersionDate "2003.11.25"]
[SourceQuality "1"]

1. Nf3 c5 2. g3 g6 3. Bg2 Bg7 4. O-O Nc6 5. c3 d5 6. d4 cxd4 7. cxd4 Bg4 8.
Nbd2 Qb6 9. h3 Bf5 10. Nb3 Nf6 11. Be3 O-O 12. Ne5 Nb4 13. g4 Bc2 14. Qd2 Bxb3
15. axb3 Rfc8 16. Rfc1 e6 17. Rc3 Ne8 18. Bf4 Rxc3 19. bxc3 Nc6 20. Nxc6 bxc6
21. b4 a5 22. Ra4 Bf6 23. Qa2 Bd8 24. e3 Ra7 25. Bf1 Nf6 26. Bd3 Ne8 27. Kg2
Kg7 28. c4 dxc4 29. Bxc4 Kf8 30. Be2 Kg8 31. bxa5 Rxa5 32. Rxa5 Qxa5 33. Qxa5
Bxa5 34. Bf3 Bb4 35. Bxc6 Nd6 36. Be5 Kf8 37. Bf6 Nc4 38. Bb5 Nd6 39. Bd3 Ne8
40. Bd8 Nd6 41. Kf3 Nb7 42. Bb6 Ke7 43. Ba6 Nd6 44. e4 Kd7 45. Bc5 Ba5 46. e5
Ne8 47. Bb5+ Kd8 48. Ke4 Bc7 49. d5 exd5+ 50. Kxd5 Ng7 51. f4 Ne6 52. Be3 Ba5
53. Kc6 Bc3 54. Bd3 Ke7 55. f5 Nd8+ 56. Kd5 Bb4 57. Bg5+ 1-0

[Event "Madrid"]
[Site "Madrid"]
[Date "1997.??.??"]
[Round "7"]
[White "Stefanova, Antoaneta"]
[Black "Rodriguez Vila, Andres"]
[Result "1/2-1/2"]
[WhiteElo "2450"]
[BlackElo "2545"]
[PlyCount "179"]
[EventDate "1997.??.??"]
[EventType "tourn"]
[EventRounds "9"]
[EventCountry "ESP"]
[EventCategory "8"]
[SourceTitle "EXT 2004"]
[Source "ChessBase"]
[SourceDate "2003.11.25"]
[SourceVersion "1"]
[SourceVersionDate "2003.11.25"]
[SourceQuality "1"]

1. d4 Nf6 2. Nf3 d5 3. Bf4 e6 4. e3 c5 5. c3 Be7 6. Nbd2 O-O 7. Bd3 b6 8. Ne5
Bb7 9. Qf3 Nbd7 10. Qh3 Re8 11. Ndf3 Nxe5 12. Nxe5 c4 13. Bc2 b5 14. a3 a5 15.
Ng4 g6 16. Nh6+ Kf8 17. Be5 Qd7 18. f4 Bd8 19. Bxf6 Bxf6 20. Ng4 Ke7 21. Ne5
Qd8 22. Qxh7 Bxe5 23. fxe5 Rh8 24. Qg7 Qg8 25. Qf6+ Kd7 26. O-O Rh7 27. Rf3 Qh8
28. Qf4 Rg8 29. Raf1 Rgg7 30. Qg3 Ke7 31. Qg5+ Kd7 32. Qg3 Ke7 33. Rf6 Rh5 34.
h3 Bc6 35. Qg4 Qh7 36. Bd1 Qh6 37. Qg3 Rf5 38. Bg4 Rxf1+ 39. Rxf1 Rh7 40. Qf3
Qg5 41. g3 Qh6 42. Qf6+ Kd7 43. Rf4 Qg7 44. Qg5 Ke8 45. h4 Qh6 46. Qxh6 Rxh6
47. Rf6 Rh8 48. Bxe6 fxe6 49. Rxe6+ Kd7 50. Rxg6 b4 51. axb4 axb4 52. cxb4 Kc7
53. Rf6 Kb6 54. Kg2 Kb5 55. Kh3 Bd7+ 56. g4 Kxb4 57. Rb6+ Ka5 58. Rd6 Bc8 59.
Kg3 Rg8 60. g5 Bf5 61. Rxd5+ Kb4 62. Rd6 Kb3 63. Rb6+ Kc2 64. d5 Be4 65. d6 Bf5
66. Kf4 Be6 67. h5 Rf8+ 68. Ke4 Rf5 69. d7 Bxd7 70. e6 Bxe6 71. Rxe6 Rxg5 72.
h6 Kxb2 73. Kd4 c3 74. Rb6+ Kc2 75. Rc6 Rg4+ 76. e4 Rg3 77. h7 Rd3+ 78. Ke5 Rh3
79. Rc7 Kb2 80. Kf6 c2 81. Kg7 Rg3+ 82. Kf8 Rh3 83. Kg7 Rg3+ 84. Kh8 c1=Q 85.
Rxc1 Kxc1 86. e5 Rg6 87. e6 Rxe6 88. Kg7 Re7+ 89. Kg6 Rxh7 90. Kxh7 1/2-1/2

[Event "Madrid"]
[Site "Madrid"]
[Date "1997.??.??"]
[Round "9"]
[White "Rivera Kuzawka, Daniel"]
[Black "Rodriguez Vila, Andres"]
[Result "1/2-1/2"]
[WhiteElo "2370"]
[BlackElo "2545"]
[PlyCount "40"]
[EventDate "1997.??.??"]
[EventType "tourn"]
[EventRounds "9"]
[EventCountry "ESP"]
[EventCategory "8"]
[SourceTitle "EXT 2004"]
[Source "ChessBase"]
[SourceDate "2003.11.25"]
[SourceVersion "1"]
[SourceVersionDate "2003.11.25"]
[SourceQuality "1"]

1. e4 c5 2. Nf3 Nc6 3. d4 cxd4 4. Nxd4 Nf6 5. Nc3 d6 6. Be2 e5 7. Nf3 h6 8. O-O
Be7 9. Re1 O-O 10. h3 Re8 11. Bf1 Bf8 12. Nh2 Be6 13. Ng4 Nxg4 14. hxg4 Be7 15.
Nd5 Bg5 16. Bxg5 hxg5 17. c3 g6 18. Ne3 Kg7 19. Bc4 Qe7 20. Qe2 Rh8 1/2-1/2

[Event "Terrassa op"]
[Site "Terrassa"]
[Date "1997.??.??"]
[Round "?"]
[White "Kovacevic, Slobodan"]
[Black "Rodriguez Vila, Andres"]
[Result "1/2-1/2"]
[WhiteElo "2420"]
[BlackElo "2565"]
[PlyCount "46"]
[EventDate "1997.??.??"]
[EventType "swiss"]
[EventRounds "9"]
[EventCountry "ESP"]
[SourceTitle "EXT 2004"]
[Source "ChessBase"]
[SourceDate "2003.11.25"]
[SourceVersion "1"]
[SourceVersionDate "2003.11.25"]
[SourceQuality "1"]

1. d4 Nf6 2. Nf3 e6 3. Bf4 b6 4. e3 Bb7 5. Nbd2 d6 6. h3 g6 7. c3 Bg7 8. Bd3
O-O 9. O-O Qe7 10. e4 Nbd7 11. Re1 e5 12. Bg5 h6 13. Bh4 Rfe8 14. dxe5 Nxe5 15.
Nxe5 Qxe5 16. Bg3 Qe7 17. Bb5 Red8 18. Bh4 a6 19. Bd3 Re8 20. a4 Qe5 21. Qf3
Qh5 22. Qxh5 Nxh5 23. f3 Nf4 1/2-1/2